000 00569nam a22002297a 4500
003 UA-OsUOA
001 46751
007 ta
008 20070705b un ||||| |||| 00| 0 ukr d
100 _aЗлатовратский Н.Н.
090 _a82-94
_bЗ-67
942 _cBK
040 _aUA-OsUOA
_brus
_cUA-OsUOA
_dUA-OsUOA
245 _aВоспоминания
300 _a460 с.
955 _a2
041 _arus
080 _a82-94
260 _aМ.
_c1956
650 7 _a82 Література. Літературознавство
_2UDC
999 _c332851
_d332851